[Event "Olimpiade 2014 - Open"]
[Site "Tromsø"]
[Date "06.08.2014"]
[Round "5.50"]
[Board "3"]
[White "Watanabe, Akira"]
[Black "Garcia Fuentes, Sergio Miguel"]
[Result "1/2-1/2"]
[WhiteTitle "FM"]
[WhiteElo "2252"]
[BlackElo "2166"]
[WhiteTeam "Japan"]
[BlackTeam "Guatemala"]
[WhiteFideId "7000227"]
[BlackFideId "7300549"]
[EventDate "2014.08.02"]

1. d4 d5 2. c4 c6 3. cxd5 cxd5 4. Nf3 Nf6 5. Nc3 a6 6. Bf4 Nc6 7. Rc1 e6 8. e3
Be7 9. Bd3 O-O 10. O-O Nh5 11. Be5 f6 12. Bg3 Nxg3 13. hxg3 f5 14. Na4 g5 15.
Qb3 g4 16. Nd2 Bd6 17. a3 Rf6 18. Rfd1 Rh6 19. Kf1 Rh2 20. Nc5 Na5 21. Qc3 b6
22. b4 bxc5 23. dxc5 Bc7 24. bxa5 Bxa5 25. Qb2 Rh1+ 26. Ke2 Rxd1 27. Rxd1 Bd7
28. Qb7 Rb8 29. Qxa6 Ra8 30. Qb7 Rb8 1/2-1/2

[Event "Olimpiade 2014 - Open"]
[Site "Tromsø"]
[Date "06.08.2014"]
[Round "5.50"]
[Board "4"]
[White "Giron, David"]
[Black "Averbukh, Alex"]
[Result "1-0"]
[WhiteElo "2103"]
[BlackElo "2183"]
[WhiteTeam "Guatemala"]
[BlackTeam "Japan"]
[WhiteFideId "7300697"]
[BlackFideId "2028255"]
[EventDate "2014.08.02"]

1. e4 b6 2. d4 e6 3. Bd3 Bb7 4. Nf3 c5 5. c3 Nf6 6. Qe2 Be7 7. O-O Nc6 8. Nbd2
cxd4 9. cxd4 Nb4 10. Bb5 a6 11. Ba4 O-O 12. a3 Nc6 13. Bc2 Rc8 14. e5 Nd5 15.
Qd3 g6 16. Bb1 f5 17. exf6 Rxf6 18. Ne4 Rf5 19. Ng3 Rf7 20. Bh6 Bf8 21. Bxf8
Qxf8 22. Ng5 Nf4 23. Qd2 Rg7 24. Ba2 Ne7 25. f3 Ned5 26. Rac1 Bc6 27. N5e4 Qe7
28. Bc4 Ra8 29. Ne2 g5 30. g3 Nh5 31. Bd3 h6 32. N2c3 Nc7 33. Qe2 Nf6 34. Nxf6+
Qxf6 35. Qe5 Ne8 36. Be4 d5 37. Qxf6 Nxf6 38. Bd3 Ne8 39. Nd1 Rc7 40. Nf2 Bb7
41. Ng4 Kg7 42. Rxc7+ Nxc7 43. Ne5 Ne8 44. Nd7 Bc6 45. Ne5 Bb7 46. h4 Nf6 47.
hxg5 hxg5 48. Kg2 Rc8 49. Rh1 Re8 50. Nd7 Nxd7 51. Rh7+ Kf6 52. Rxd7 Re7 53. Rd8
e5 54. Rf8+ Kg7 55. Rf5 e4 56. Be2 Kg6 57. Rf8 Rc7 58. Kf2 Kg7 59. Rf5 Kg6 60.
Rf8 Kg7 61. Rd8 Kf6 62. Rd6+ Ke7 63. Rxb6 Bc8 64. fxe4 dxe4 65. Ke3 Rc2 66. Rb3
Bf5 67. Rb7+ Kd6 68. g4 Be6 69. Rb6+ Kd7 70. a4 Ke7 71. a5 Kd7 72. Bxa6 Rg2 73.
Kxe4 Bxg4 74. Ke5 Bf3 75. d5 Rd2 76. Bc4 g4 77. a6 Kc7 78. a7 1-0

[Event "Olimpiade 2014 - Open"]
[Site "Tromsø"]
[Date "06.08.2014"]
[Round "5.51"]
[Board "1"]
[White "De La Riva Aguado, Oscar"]
[Black "Baules, Jorge"]
[Result "1-0"]
[WhiteTitle "GM"]
[BlackTitle "IM"]
[WhiteElo "2523"]
[BlackElo "2317"]
[WhiteTeam "Andorra"]
[BlackTeam "Panama"]
[WhiteFideId "6900224"]
[BlackFideId "6600247"]
[EventDate "2014.08.02"]

1. e4 c5 2. Nf3 d6 3. Bb5+ Bd7 4. c4 Nf6 5. Nc3 g6 6. d4 cxd4 7. Nxd4 Bg7 8.
Bxd7+ Qxd7 9. O-O O-O 10. b3 Nc6 11. Bb2 Rfc8 12. Re1 Rab8 13. Nxc6 bxc6 14. Na4
Rd8 15. Qf3 Ng4 16. Bxg7 Kxg7 17. Qc3+ Kg8 18. h3 Nf6 19. e5 Nh5 20. Qf3 Ng7 21.
exd6 exd6 22. Rad1 d5 23. Nc3 Qf5 24. Qxf5 Nxf5 25. cxd5 cxd5 26. Nxd5 Kf8 27.
Kf1 Rbc8 28. g4 Nh4 29. Nf6 Kg7 30. Ne4 Nf3 31. Rxd8 Rxd8 32. Re3 Ne5 33. Ke2
Nc6 34. Rc3 Nb4 35. a3 Nd5 36. Rf3 Rb8 37. Kd2 Re8 38. Nc3 Nb6 39. Rd3 Re5 40.
f4 Rc5 41. Rd8 h5 42. Kd3 hxg4 43. hxg4 Rc7 44. g5 Rc5 45. a4 Rf5 46. Ke4 Rc5
47. Kd4 Rf5 48. Ke3 f6 49. gxf6+ Kxf6 50. Rd6+ Kf7 51. Ke4 Rc5 52. Nb5 g5 53. f5
g4 54. Rg6 Nd7 55. Nd6+ Ke7 56. Re6+ Kd8 57. b4 Rc1 58. Re8+ Kc7 59. Rc8+ 1-0

[Event "Olimpiade 2014 - Open"]
[Site "Tromsø"]
[Date "06.08.2014"]
[Round "5.51"]
[Board "2"]
[White "Sanchez, Jorge"]
[Black "Simonet, Marc"]
[Result "0-1"]
[WhiteTitle "FM"]
[BlackTitle "FM"]
[WhiteElo "2090"]
[BlackElo "2222"]
[WhiteTeam "Panama"]
[BlackTeam "Andorra"]
[WhiteFideId "6600280"]
[BlackFideId "6900127"]
[EventDate "2014.08.02"]

1. e4 c5 2. Nf3 Nc6 3. d4 cxd4 4. Nxd4 e5 5. Nb5 d6 6. N1c3 a6 7. Na3 Be7 8. Nc4
b5 9. Ne3 Nf6 10. g3 h5 11. Bg2 h4 12. Ncd5 Nd4 13. Nxf6+ Bxf6 14. c3 h3 15. Bf1
Nc6 16. a4 b4 17. Bc4 Be6 18. Nd5 bxc3 19. bxc3 Ne7 20. O-O a5 21. Ba3 Bg5 22.
Bb5+ Kf8 23. f4 Bxd5 24. fxg5 Bxe4 25. Qxd6 Qxd6 26. Bxd6 Rd8 27. Bxe5 Ng6 28.
Bc7 Rc8 29. Bxa5 Rh5 30. Rae1 Bg2 31. Rf5 f6 32. Bb4+ Kg8 33. Bd7 Rd8 34. Be6+
Kh7 35. gxf6 Rxf5 36. Bxf5 gxf6 37. a5 Kg7 38. Bxg6 Kxg6 39. c4 Rb8 40. Bc3 Rc8
41. Re6 Rxc4 42. Rxf6+ Kg5 43. Bb2 Ra4 44. Ra6 Ra2 45. Bd4 Bd5 46. Be3+ Kg4 47.
Bd4 Rg2+ 0-1

[Event "Olimpiade 2014 - Open"]
[Site "Tromsø"]
[Date "06.08.2014"]
[Round "5.51"]
[Board "3"]
[White "Jose Queralto, Daniel"]
[Black "Aizpurua, Patrick"]
[Result "1/2-1/2"]
[WhiteTitle "CM"]
[BlackTitle "FM"]
[WhiteElo "2122"]
[BlackElo "2172"]
[WhiteTeam "Andorra"]
[BlackTeam "Panama"]
[WhiteFideId "6900089"]
[BlackFideId "6600522"]
[EventDate "2014.08.02"]

1. e4 e6 2. d4 d5 3. Bd3 c5 4. exd5 cxd4 5. Bb5+ Bd7 6. dxe6 fxe6 7. c3 Nc6 8.
Nf3 Qa5 9. Nxd4 O-O-O 10. Bxc6 Bxc6 11. O-O Qd5 12. Qg4 Bd7 13. Rd1 e5 14. Qf3
Be6 15. Qxd5 Rxd5 16. Re1 Bg4 17. Nc2 Rd1 18. Rxd1 Bxd1 19. Nba3 Be2 20. f3 Nf6
21. Be3 b6 22. Kf2 Ba6 23. Rd1 Be7 24. Nb1 Rf8 25. Kg1 h6 26. b3 e4 27. fxe4
Nxe4 28. Bd4 Rd8 29. Re1 Bd3 30. Ne3 Bh4 31. g3 Bg5 32. Ng4 Rd5 33. Nf2 Nxf2 34.
Kxf2 Ra5 35. a4 Rf5+ 36. Kg2 g6 37. h4 Bd8 38. Nd2 h5 39. Re5 Rxe5 40. Bxe5 Bc2
41. Kf2 Be7 42. Ke3 Ba3 43. Kd4 Bc1 44. Bf4 Bxd2 45. Bxd2 Bxb3 46. a5 bxa5 47.
Kc5 Kd7 48. Kb5 a4 49. Kb4 Kc6 50. Be3 a5+ 51. Ka3 Kb5 52. Bd4 Kc4 53. Be5 Kd3
54. Bf6 Ke4 55. Bd4 Kd5 1/2-1/2

[Event "Olimpiade 2014 - Open"]
[Site "Tromsø"]
[Date "06.08.2014"]
[Round "5.51"]
[Board "4"]
[White "Fuentes, Adrian"]
[Black "Ribera Bazan, Jose"]
[Result "1-0"]
[WhiteElo "2105"]
[BlackElo "2117"]
[WhiteTeam "Panama"]
[BlackTeam "Andorra"]
[WhiteFideId "6600875"]
[BlackFideId "6900305"]
[EventDate "2014.08.02"]

1. e4 c5 2. Nf3 Nc6 3. d4 cxd4 4. Nxd4 Nf6 5. Nc3 e5 6. Ndb5 d6 7. Bg5 a6 8. Na3
b5 9. Nd5 Be7 10. Bxf6 Bxf6 11. c3 O-O 12. Nc2 Bg5 13. a4 bxa4 14. Rxa4 a5 15.
Bc4 Rb8 16. Ra2 Kh8 17. Nce3 g6 18. h4 Bxh4 19. g3 Bg5 20. f4 exf4 21. gxf4 Bh4+
22. Kf1 f5 23. b4 Bf6 24. b5 Na7 25. Rah2 Rb7 26. Nxf6 Qxf6 27. Nd5 Qg7 28.
Rxh7+ Qxh7 29. Qd4+ Rg7 30. Rxh7+ Kxh7 31. Nf6+ Kh6 32. Qxd6 Rh8 33. b6 1-0

[Event "Olimpiade 2014 - Open"]
[Site "Tromsø"]
[Date "06.08.2014"]
[Round "5.52"]
[Board "3"]
[White "Lima, Osvaldo Dos Santos"]
[Black "Hanoeman, Suradj"]
[Result "1/2-1/2"]
[BlackTitle "CM"]
[WhiteElo "1751"]
[BlackElo "2024"]
[WhiteTeam "Sao Tome & Principe"]
[BlackTeam "Surinam"]
[WhiteFideId "14306352"]
[BlackFideId "8200173"]
[EventDate "2014.08.02"]

1. c4 e5 2. g3 Nf6 3. Bg2 d5 4. cxd5 Nxd5 5. Nc3 Nb6 6. b3 Nc6 7. Bb2 Be7 8. Nf3
O-O 9. O-O Be6 10. d3 Rb8 11. Ne4 f6 12. Rc1 Nd4 13. Nc5 Nxf3+ 14. Bxf3 Bd5 15.
e4 Bf7 16. Bg4 Qd6 17. Ba3 c6 18. Qc2 Rfe8 19. Rfd1 Bf8 20. Qc3 Red8 21. Qa5 Ra8
22. Bb2 Qe7 23. Qe1 Nc8 24. f4 b6 25. Na4 c5 26. Nc3 exf4 27. gxf4 Qd6 28. Ne2
Ne7 29. Qg3 Nc6 30. Bf3 Rac8 31. e5 fxe5 32. fxe5 Qg6 33. Bg4 Rb8 34. Nf4 Qh6
35. e6 Be8 36. Rc4 g5 37. Nh3 Qg6 38. Re4 Ne7 39. Re5 h6 40. Re4 Bg7 41. Be5
Rbc8 42. Rde1 Rd5 43. Nf2 h5 44. Bh3 Bh6 45. Bc3 Rcd8 46. Kh1 Bb5 47. Bf1 Bc6
48. Qc7 Bf8 49. Bg2 Rc8 50. Qg3 Nf5 51. Qh3 Be7 52. Bf3 Nh4 53. Rxh4 gxh4 54.
Bxd5 Bxd5+ 55. Ne4 Kh7 56. Qf3 Bxe4 57. Qxe4 Qxe4+ 58. Rxe4 Rc6 59. Kg2 Kg6 60.
Kf3 Rd6 61. Ke2 Kf5 62. Re5+ Kg6 63. Re4 Kf5 64. Re5+ Kg6 1/2-1/2

[Event "Olimpiade 2014 - Open"]
[Site "Tromsø"]
[Date "06.08.2014"]
[Round "5.53"]
[Board "1"]
[White "Djurhuus, Rune"]
[Black "Banlock, Benjamin Didier"]
[Result "1-0"]
[WhiteTitle "GM"]
[WhiteElo "2436"]
[BlackElo "2054"]
[WhiteTeam "Norway 3"]
[BlackTeam "Cameroon"]
[WhiteFideId "1500082"]
[BlackFideId "15800059"]
[EventDate "2014.08.02"]

1. d4 Nf6 2. c4 g6 3. Nc3 Bg7 4. e4 d6 5. Be2 Nbd7 6. f4 c5 7. d5 a6 8. a4 a5 9.
Nf3 Nb8 10. h3 Nfd7 11. O-O Na6 12. Bd3 Nb4 13. Bb1 O-O 14. Qe2 Re8 15. Nb5 Bf8
16. e5 e6 17. dxe6 Rxe6 18. f5 Re8 19. e6 fxe6 20. fxg6 h6 21. Nh2 Nf6 22. Ra3
Bg7 23. Raf3 Rf8 24. Ng4 Nxg4 25. Rxf8+ Bxf8 26. g7 Nf6 27. gxf8=Q+ Qxf8 28. Nc7
Ra7 29. Qf3 b6 30. Ne8 Qxe8 31. Qxf6 Qe7 32. Qg6+ Kh8 33. Qxh6+ Kg8 34. Bh7+ 1-0

[Event "Olimpiade 2014 - Open"]
[Site "Tromsø"]
[Date "06.08.2014"]
[Round "5.53"]
[Board "2"]
[White "Agbor Ebot, John"]
[Black "Hauge, Lars Oskar"]
[Result "0-1"]
[BlackTitle "FM"]
[WhiteElo "1931"]
[BlackElo "2346"]
[WhiteTeam "Cameroon"]
[BlackTeam "Norway 3"]
[WhiteFideId "16400216"]
[BlackFideId "1509276"]
[EventDate "2014.08.02"]

1. d4 Nf6 2. Nf3 g6 3. c4 Bg7 4. Nc3 O-O 5. Bg5 d6 6. e3 c5 7. Be2 Nbd7 8. O-O
cxd4 9. Nxd4 Nc5 10. Bf3 h6 11. Bxf6 Bxf6 12. Qd2 Bg7 13. Rfd1 Rb8 14. Rac1 a6
15. b4 Nd7 16. Nb3 Ne5 17. Be2 Be6 18. Nd5 Nc6 19. Bf3 Ne5 20. Be2 Bf5 21. Nd4
Bd7 22. c5 Ba4 23. Nb3 e6 24. Nb6 Bxb3 25. axb3 d5 26. b5 axb5 27. Bxb5 Qc7 28.
Be2 f5 29. h3 Rf7 30. Bb5 g5 31. b4 Ng6 32. Be2 Rbf8 33. Bh5 Rf6 34. Na4 Ne5 35.
Be2 f4 36. Nc3 f3 37. Bf1 fxg2 38. Bxg2 Nf3+ 39. Bxf3 Rxf3 40. Nb5 Qf7 41. Nd6
Qh5 42. Nxb7 Rxh3 43. f4 Rh1+ 44. Kf2 Qh2+ 0-1

[Event "Olimpiade 2014 - Open"]
[Site "Tromsø"]
[Date "06.08.2014"]
[Round "5.54"]
[Board "1"]
[White "Zaibi, Amir"]
[Black "Larrea, Manuel"]
[Result "1/2-1/2"]
[WhiteTitle "FM"]
[BlackTitle "FM"]
[WhiteElo "2297"]
[BlackElo "2333"]
[WhiteTeam "Tunisia"]
[BlackTeam "Uruguay"]
[WhiteFideId "5500796"]
[BlackFideId "3000508"]
[EventDate "2014.08.02"]

1. e4 c5 2. Nf3 d6 3. d4 cxd4 4. Nxd4 Nf6 5. Nc3 Nc6 6. Bg5 e6 7. Qd2 Be7 8.
O-O-O O-O 9. Kb1 a6 10. Be2 Bd7 11. Nb3 b5 12. Bxf6 Bxf6 13. Qxd6 Ra7 14. Qg3
Qb6 15. f4 Nd4 16. Qe3 b4 17. e5 Bd8 18. Qxd4 bxc3 19. Qxc3 Be7 20. Qa5 Qb8 21.
Rd4 Rc8 22. Bf3 Bd8 23. Qb4 Bb5 24. Rhd1 Be7 25. Qa5 Rac7 26. Be4 g6 27. h3 Be2
28. R1d2 Bc4 29. Rd6 Bxd6 30. exd6 Rd7 31. Qe5 Bxb3 32. axb3 Rcd8 33. c4 Rxd6
34. Rxd6 Qxd6 35. Qxd6 Rxd6 36. c5 Rd7 37. b4 Kf8 38. Kc2 Rd4 39. Bd3 Rxb4 40.
Bxa6 Ke7 41. g3 Kd7 42. Kc3 Re4 43. Kd3 Rb4 44. Kc3 Re4 45. Kd3 Re1 46. Bb5+ Kc7
47. Be8 Rb1 48. Bxf7 Rxb2 49. Bxe6 Rg2 50. g4 Rg3+ 51. Kd4 Rxh3 52. g5 Rf3 53.
Ke5 Re3+ 54. Kf6 Kc6 55. Bg8 Re4 56. Bxh7 Rxf4+ 57. Kxg6 Kxc5 58. Kg7 Kd6 59.
Bg8 Ke7 60. g6 Rf2 61. Bf7 Rh2 62. Bg8 Rg2 63. Bf7 Rg1 64. Bg8 1/2-1/2

[Event "Olimpiade 2014 - Open"]
[Site "Tromsø"]
[Date "06.08.2014"]
[Round "5.54"]
[Board "2"]
[White "Roselli Mailhe, Bernardo"]
[Black "Amdouni, Zoubaier"]
[Result "1-0"]
[WhiteTitle "IM"]
[BlackTitle "FM"]
[WhiteElo "2425"]
[BlackElo "2350"]
[WhiteTeam "Uruguay"]
[BlackTeam "Tunisia"]
[WhiteFideId "3000028"]
[BlackFideId "5500419"]
[EventDate "2014.08.02"]

1. d4 d5 2. c4 e6 3. Nc3 Nf6 4. cxd5 exd5 5. Bg5 c6 6. e3 Be7 7. Qc2 Nbd7 8. Bd3
O-O 9. Nge2 Re8 10. f3 c5 11. O-O Nf8 12. Rad1 c4 13. Bf5 Be6 14. Bxe6 Nxe6 15.
Bh4 Nc7 16. Bxf6 Bxf6 17. e4 Bg5 18. f4 Bh6 19. e5 b5 20. Ng3 g6 21. f5 Qg5 22.
Rf3 Kh8 23. Nce2 f6 24. e6 Bf8 25. Rdf1 Bd6 26. Nf4 gxf5 27. Nxf5 Bxf4 28. Rxf4
Rxe6 29. h3 Rg8 30. Qf2 Re4 31. Rf3 Ne6 32. Nd6 Rg7 33. Rxf6 Rf4 34. Rxf4 Nxf4
35. Kh1 Qg6 36. Nxb5 Nh5 37. g4 Qd3 38. Kh2 Ng3 39. Qf8+ Rg8 40. Qf6+ Rg7 41.
Rf3 Ne4 42. Rxd3 Nxf6 43. Rf3 Rb7 44. Rxf6 Rxb5 45. Rf2 Rb7 46. Re2 Kg7 47. Kg3
Kg6 48. h4 h6 49. h5+ Kf6 50. Kf4 a5 51. g5+ hxg5+ 52. Kg4 a4 53. Rf2+ Kg7 54.
Kxg5 Rb6 55. Re2 Kf7 56. Rf2+ Kg7 57. Re2 Kf7 58. a3 Rb3 59. Kf5 Rh3 60. Ke5
Rxh5+ 61. Kd6 Rh3 62. Rc2 Rh5 63. Rc3 Ke8 64. Rf3 Rg5 65. Rh3 Rg2 66. Rh8+ Kf7
67. Rb8 Rc2 68. Rb4 Kf6 69. Kxd5 c3 70. bxc3 Rxc3 71. Rxa4 Ke7 72. Ra7+ Kd8 73.
a4 Kc8 74. Ra5 Kd7 75. Rc5 Ra3 76. Rc4 Ra2 77. Kc5 Kc7 78. Kb5+ Kb7 79. a5 Rb2+
80. Rb4 Rc2 81. a6+ Ka7 82. Ra4 Kb8 83. d5 Rd2 84. Kc6 Rc2+ 85. Kd6 Rh2 86. a7+
Ka8 87. Rb4 Kxa7 88. Kc7 Rc2+ 89. Kd7 Rd2 90. d6 Rh2 91. Kc7 Rc2+ 92. Kd8 Rd2
93. d7 Ka6 94. Kc7 Rc2+ 95. Kd6 Rd2+ 96. Kc6 Ka7 97. Rb5 Rc2+ 98. Rc5 1-0

[Event "Olimpiade 2014 - Open"]
[Site "Tromsø"]
[Date "06.08.2014"]
[Round "5.54"]
[Board "3"]
[White "Boudriga, Med Ali"]
[Black "Muniz, Rafael"]
[Result "1-0"]
[WhiteTitle "FM"]
[WhiteElo "2282"]
[BlackElo "2272"]
[WhiteTeam "Tunisia"]
[BlackTeam "Uruguay"]
[WhiteFideId "5500460"]
[BlackFideId "3000486"]
[EventDate "2014.08.02"]

1. e4 c5 2. Nf3 d6 3. d3 Nf6 4. g3 g6 5. Bg2 Bg7 6. O-O Nc6 7. Re1 O-O 8. c3 e5
9. a3 d5 10. exd5 Nxd5 11. Nbd2 Re8 12. Nc4 Bf5 13. Ng5 Nf6 14. Qb3 Qc7 15. Nd6
Bxd3 16. Qxb7 Qxb7 17. Nxb7 e4 18. Nxc5 Ne5 19. Bf4 Rad8 20. Ngxe4 Nxe4 21. Nxe4
Nc4 22. Bg5 Nxb2 23. Bxd8 Rxd8 24. Bf1 Bxe4 25. Rxe4 Bxc3 26. Rc1 Bf6 27. Rc7 a5
28. Bc4 Nxc4 29. Rexc4 Rd2 30. Rf4 Be5 31. Rc8+ Kg7 32. Rf3 g5 33. h3 h5 34. Rc5
f6 35. Rxa5 Kg6 36. Ra4 Bd4 37. g4 hxg4 38. hxg4 Be5 39. Rc4 Kf7 40. a4 Ke6 41.
a5 Ra2 42. Rc6+ Ke7 43. a6 Ra1+ 44. Kg2 Ra4 45. Kf1 Ra2 46. Rd3 Ra4 47. Rb6 Bd4
48. Rbb3 Bc5 49. Rb5 Bd4 50. Rd5 Be5 51. Rd7+ Ke6 52. a7 Bf4 53. Rb7 1-0

[Event "Olimpiade 2014 - Open"]
[Site "Tromsø"]
[Date "06.08.2014"]
[Round "5.54"]
[Board "4"]
[White "Coppola, Claudio"]
[Black "Bouzidi, Ahmed"]
[Result "1-0"]
[WhiteTitle "IM"]
[WhiteElo "2190"]
[BlackElo "2231"]
[WhiteTeam "Uruguay"]
[BlackTeam "Tunisia"]
[WhiteFideId "3001717"]
[BlackFideId "5501733"]
[EventDate "2014.08.02"]

1. d4 e6 2. c4 Nf6 3. g3 Be7 4. Bg2 c5 5. d5 exd5 6. cxd5 d6 7. Nc3 O-O 8. Nf3
a6 9. a4 Nbd7 10. O-O Rb8 11. a5 Re8 12. Nd2 b5 13. axb6 Nxb6 14. Qc2 Bf8 15. b3
g6 16. Bb2 Bg7 17. e4 Qc7 18. Nd1 a5 19. Ne3 Ba6 20. Rfc1 Bb5 21. Rxa5 Nbd7 22.
Rca1 Rb7 23. Nec4 Reb8 24. e5 Bxc4 25. Nxc4 Ne8 26. exd6 Nxd6 27. Bxg7 Kxg7 28.
Qc3+ f6 29. Nd2 Nb5 30. Qe3 Qd8 31. d6 Nxd6 32. Bxb7 Nxb7 33. Rb5 Ne5 34. Nc4
Qd7 35. Rb6 Nc6 36. Qe4 Rc8 37. Raa6 Nbd8 38. Kg2 f5 39. Qe3 Nd4 40. Qe5+ Kg8
41. Nd6 Nf7 42. Qd5 f4 43. Rb7 f3+ 44. Kh1 Re8 45. Nxe8 Qxe8 46. Ra8 1-0

[Event "Olimpiade 2014 - Open"]
[Site "Tromsø"]
[Date "06.08.2014"]
[Round "5.55"]
[Board "1"]
[White "Karttunen, Mika"]
[Black "Manuel, Enofre Efren D."]
[Result "1-0"]
[WhiteTitle "IM"]
[WhiteElo "2437"]
[BlackElo "1950"]
[WhiteTeam "Finland"]
[BlackTeam "Guam"]
[WhiteFideId "502081"]
[BlackFideId "31000053"]
[EventDate "2014.08.02"]

1. d4 Nf6 2. Bg5 d5 3. Bxf6 exf6 4. e3 Bd6 5. g3 O-O 6. Bg2 c6 7. Ne2 Re8 8. Nd2
Bf5 9. c4 dxc4 10. Nxc4 Bb4+ 11. Nc3 Bxc3+ 12. bxc3 Be4 13. Bxe4 Rxe4 14. Qb1
Re7 15. O-O Qd5 16. Qb4 Rd7 17. e4 Qh5 18. Rfe1 Na6 19. Qb3 Rad8 20. a4 b6 21.
e5 Nc7 22. Nd6 Ne6 23. Re3 f5 24. f4 Qh3 25. Rf1 h5 26. Qc4 Rc7 27. Qd3 g6 28.
Rf2 Kh7 29. Ref3 h4 30. Rg2 Qg4 31. h3 Qxh3 32. Rh2 Qxh2+ 33. Kxh2 hxg3+ 34.
Kxg3 Kg7 35. Kf2 Nf8 36. Rh3 1-0

[Event "Olimpiade 2014 - Open"]
[Site "Tromsø"]
[Date "06.08.2014"]
[Round "5.55"]
[Board "2"]
[White "Soriano, Rudolph P."]
[Black "Agopov, Mikael"]
[Result "0-1"]
[BlackTitle "IM"]
[WhiteElo "1802"]
[BlackElo "2431"]
[WhiteTeam "Guam"]
[BlackTeam "Finland"]
[WhiteFideId "31000142"]
[BlackFideId "501840"]
[EventDate "2014.08.02"]

1. Nf3 Nf6 2. c4 c5 3. d4 cxd4 4. Nxd4 e6 5. Nc3 Nc6 6. g3 Qb6 7. Nb3 Ne5 8. e4
Bb4 9. Qe2 d6 10. Be3 Bxc3+ 11. bxc3 Qc7 12. f3 b6 13. Rc1 Ba6 14. Nd2 Rc8 15.
Qg2 Nxc4 16. Nxc4 Bxc4 17. Qd2 O-O 18. Kf2 d5 19. e5 Qxe5 20. Bf4 Qf5 21. g4 Qg6
22. h4 h5 23. g5 Nd7 24. Bd6 Rfd8 25. Be7 Re8 26. Ba3 Bxf1 27. Rhxf1 Ne5 28.
Rcd1 Qf5 29. Kg2 Rc4 30. Kg3 Rxh4 31. Kxh4 Nxf3+ 32. Kg3 Qg4+ 33. Kf2 Nxd2 34.
Rxd2 Rc8 35. Rd3 Qc4 36. Ke3 Qxa2 37. Bc1 Rc4 38. Rf2 Qb1 39. Bd2 Re4+ 40. Kf3
Qxd3+ 0-1

[Event "Olimpiade 2014 - Open"]
[Site "Tromsø"]
[Date "06.08.2014"]
[Round "5.55"]
[Board "3"]
[White "Sipila, Vilka"]
[Black "Orio, Rogelio L."]
[Result "1-0"]
[WhiteTitle "IM"]
[WhiteElo "2425"]
[BlackElo "1755"]
[WhiteTeam "Finland"]
[BlackTeam "Guam"]
[WhiteFideId "505455"]
[BlackFideId "31000118"]
[EventDate "2014.08.02"]

1. f3 d6 2. e4 Nf6 3. d4 Nbd7 4. Be3 g6 5. Qd2 e5 6. d5 Nb6 7. a4 a5 8. Bd3 Bd7
9. Nc3 Bg7 10. Qf2 Nh5 11. Nge2 h6 12. g4 Nf6 13. h4 Ng8 14. b3 Ne7 15. O-O-O
Nbc8 16. g5 h5 17. f4 exf4 18. Bd4 Be5 19. Nxf4 O-O 20. Be2 Rb8 21. Bxh5 gxh5
22. Nxh5 Ng6 23. Nf6+ Kg7 24. h5 Bxd4 25. Rxd4 Ne5 26. Ne2 b5 27. Ng3 Ne7 28.
Ne8+ Rxe8 29. Qf6+ Kf8 30. Qh6+ Kg8 31. g6 N7xg6 32. hxg6 Qf6 33. Nh5 Qh8 34.
Qg5 fxg6 35. Nf6+ Kf7 36. Rdd1 Bh3 37. Nxe8 Kxe8 38. Qe3 Ng4 39. Qxh3 Qa1+ 40.
Kd2 Qd4+ 41. Qd3 Qxd3+ 42. cxd3 Ke7 43. Rdf1 Nf6 44. Rc1 Rb7 45. axb5 Kf7 46.
Rh8 Ra7 47. Rc8 Ne8 48. Rb8 g5 49. Ke3 Ke7 50. Rg1 a4 51. bxa4 Rxa4 52. Rxg5 Ra1
53. Rg8 Kf7 54. Rbxe8 1-0

[Event "Olimpiade 2014 - Open"]
[Site "Tromsø"]
[Date "06.08.2014"]
[Round "5.56"]
[Board "2"]
[White "Klasan, Vladimir"]
[Black "Mansour, Sameer"]
[Result "1/2-1/2"]
[WhiteTitle "IM"]
[BlackTitle "FM"]
[WhiteElo "2365"]
[BlackElo "2249"]
[WhiteTeam "ICCD"]
[BlackTeam "Jordan"]
[WhiteFideId "934054"]
[BlackFideId "8100144"]
[EventDate "2014.08.02"]

1. e4 d6 2. d4 Nf6 3. Nc3 c6 4. f4 Qa5 5. Bd3 e5 6. Nf3 Nbd7 7. O-O Be7 8. Kh1
O-O 9. a4 Re8 10. dxe5 dxe5 11. fxe5 Nxe5 12. Nxe5 Qxe5 13. Bf4 Qh5 14. Qd2 Be6
15. Ne2 Rad8 16. Ng3 Qc5 17. e5 Nd5 18. Qe2 Nxf4 19. Rxf4 Bg5 20. Rff1 Qe3 21.
Rae1 Qxe2 22. Rxe2 Rd4 23. Re4 Red8 24. b3 g6 25. Rxd4 Rxd4 26. Ne4 Be7 27. Nf6+
Kg7 28. Rf3 Rd8 29. c4 Bc5 30. Ne4 Bd4 31. Ng5 Re8 32. Nxe6+ Rxe6 33. g3 Rxe5
34. Kg2 f5 35. Rf1 a5 36. h3 h5 37. Rf3 Be3 38. Kf1 Kf6 39. Kg2 Ke7 40. Kf1 Kd6
41. Ke2 Bc5+ 42. Kf1 Bd4 43. Bc2 Kc5 44. Rd3 b6 45. Bd1 Re6 46. Bf3 Bf6 47. Rd7
Kb4 48. Rc7 Be5 49. Rxc6 Rxc6 50. Bxc6 Bxg3 51. Kg2 h4 52. c5 bxc5 53. Bd5 Kc3
54. Bf7 g5 55. Be6 Bc7 56. Kf3 Be5 57. Bf7 Bb8 58. Be6 Bc7 59. Bf7 Kd4 60. Be6
Ke5 61. Bd7 Kf6 62. Bc8 Ke5 63. Bd7 Bd8 64. Bc8 g4+ 65. hxg4 f4 66. g5 Bxg5 67.
Bh3 Kd4 68. Be6 Kc3 69. Kg4 Bh6 70. Kxh4 Kd3 71. Kg4 Ke4 72. Bc8 Bg7 73. Bb7+
Ke3 74. Bc6 1/2-1/2

[Event "Olimpiade 2014 - Open"]
[Site "Tromsø"]
[Date "06.08.2014"]
[Round "5.56"]
[Board "3"]
[White "Mohannad, Farhan"]
[Black "Anarkulov, Alisher"]
[Result "0-1"]
[WhiteTitle "FM"]
[WhiteElo "2321"]
[BlackElo "2222"]
[WhiteTeam "Jordan"]
[BlackTeam "ICCD"]
[WhiteFideId "8100918"]
[BlackFideId "14201038"]
[EventDate "2014.08.02"]

1. d4 Nf6 2. c4 g6 3. Nc3 Bg7 4. e4 d6 5. Nge2 O-O 6. Bg5 h6 7. Bh4 Nbd7 8. Qd2
Nb6 9. b3 c6 10. f3 a5 11. a4 e5 12. Bf2 exd4 13. Nxd4 d5 14. exd5 cxd5 15. c5
Nbd7 16. c6 Nc5 17. cxb7 Bxb7 18. Be2 Nh5 19. Ncb5 Qf6 20. Rc1 Ne6 21. g3 Rac8
22. O-O Ng5 23. Be3 Rfe8 24. Kg2 Ba6 25. Rxc8 Bxc8 26. Rc1 Bh3+ 27. Kg1 Qe7 28.
Bf2 Nf6 29. Bd3 Nd7 30. Qxa5 Nc5 31. Bc2 Qf6 32. f4 Nge4 33. Bxe4 Nxe4 34. Rc6
Qe7 35. Rc7 Qf6 36. Qe1 Nd6 37. Qd2 Nxb5 38. axb5 Qb6 39. Rc6 Qb7 40. Qa5 Qe7
41. Ne6 Bxe6 42. Bc5 Qf6 43. b6 Qb2 44. Be3 Qxb3 45. Qd2 Bh3 46. Bf2 0-1